Регионална библиотека "Любен Каравелов" - Русе

Озарението (Запис номер 25090)

MARC детайли
000 -Лидер
Контролно поле с фиксирана дължина 01601nam a2200433 c 4500
003 - Код на организацията, давaща контролен номер
Контролно поле BLK
005 - Дата и час на последна редакция
Контролно поле 20230515141300.0
008 - Елементи от данни с фиксирана дължина
fixed length control field 180413b bul|||||r ||||||| ||bul||
010 ## - Наследен системен номер
LC control number KNG00027622000
020 ## - Международен стандартен номер на книга ISBN
Международен стандартен номер на книга ISBN 954-8210-42-8
040 ## - Източник на каталожния запис
Идентификатор на билиотеката - собственик на записа BLK
041 ## - Код за език
Код за езика на текст/звукозапис или на отделно заглавие Български
Код за езика КДБФ Български
072 #7 - Код за тематичната категория
Код организация bullib
Код за тематична категория Я
Текст Автографи
072 #7 - Код за тематичната категория
Код организация bullib
Код за тематична категория К
Текст Краезнание
080 ## - УДК
Текстов определител УДК Политически партии и движения
УДК код - определител по УДК 329
УДК определител (497.2)БЗНС(092)(093.3)
УДК - код + определител 329(497.2)БЗНС(092)(093.3)
080 ## - УДК
УДК код - определител по УДК 929 Хорозов, Крум Кънчев
УДК - код + определител 929 Хорозов, Крум Кънчев
100 1# - Редна дума - Автор
Автор Хорозов, Крум Кънчев
Дати, свързани с автора 1925-2017
R(LIN) 366025
139 ## - Редно поле
Редна дума Хорозов, Крум Кънчев
Авторски знак Хоро - Х 69
245 10 - Сведения за заглавието
Заглавие Озарението
Подзаглавни данни Спомени
Редно поле (дума) Крум Кънчев Хорозов; предг. от Стефан Чакъров.
257 ## - Страна на издаване
Страна на създаване/издаване България
260 ## - Област на издателските данни
Име на издателя, разпространителя и проч. Scorpion
Година на издаване 1999
Печатница София : Към
300 ## - Физическа характеристика
Страници 160 с.
Илюстрации и др. с ил.
Размери/Мащаб 21 см
380 ## - Жанр
Жанр Обществени науки
500 ## - Общи забележки
Забележка Офс. изд. - 600 тир.
600 14 - Име на лице, използвано като предмет
За него / За нея Хорозов, Крум Кънчев
Свързани дати 1925-2017
9 (RLIN) 366025
650 #4 - Допълнително описание по предмет – тема
Основно описание – тема или топоним БЗНС - дейци - спомени
9 (RLIN) 247517
651 #4 - Допълнително описание по предмет - топоним
Географско понятие България
9 (RLIN) 241624
653 ## - Ключова дума – ненормативна
Ключова дума БЗНС
653 ## - Ключова дума – ненормативна
Ключова дума Крум Хорозов
653 ## - Ключова дума – ненормативна
Ключова дума биографии
659 ## - Тематичен бюлетин
Тематичен бюлетин К
659 ## - Тематичен бюлетин
Тематичен бюлетин Я
700 1# - Други автори (авторска отговорност)
Лично име Чакъров, Стефан
Автороска отговорност (Описва отношението между автора и произведението) предг. от
9 (RLIN) 268023
852 ## - Местоположение
Форматна сигнатура Цб 200677
852 ## - Местоположение
Форматна сигнатура К 329(497.2)/Х 69 К
856 4# - Електронен адрес и достъп
Електронен формат pdf - файл
Път до файла /url/
856 4# - Електронен адрес и достъп
Електронен формат pdf - файл
Път до файла /url/
999 ## - СИСТЕМНИ КОНТРОЛНИ НОМЕРА
Koha biblionumber 25090
Koha biblioitemnumber 25090
942 ## - АРТИКУЛИ
Вид на библиотечния материал Книги
Скрит в OPAC Не
Периодичен библиозапис Да
944 ## - СЪЗДАВАНЕ И РЕДАКЦИЯ на ЗАПИСА
Създаване/Редакция Създаване
Дата на регистрацията/редакция 15.01.2003
Служител, извършил регистрацията/редакцията Валя_Йорданова
944 ## - СЪЗДАВАНЕ И РЕДАКЦИЯ на ЗАПИСА
Създаване/Редакция Редакция
Дата на регистрацията/редакция 27.05.2014
999 ## - СИСТЕМНИ КОНТРОЛНИ НОМЕРА
Koha biblioitemnumber 25090
Наличности
Код за отписване Код за изгубен артикул Източник на класификационната схема Код за повреда Коз за рестрикции Код за отдаване Артикулен № Име на библиотеката - собственик Име на библиотеката, в която се намира в момента Статус (Текущо местоположение) Дата на вписване в системата Местоположение - отдел Цена в лева Номерация (Хронология) Инвентарен номер Систематично азбучна сигнатура Баркод Номер на екземпляра Цена в евро Служебна бележка Служебен тип на артикула
  Не е изгубен Universal Decimal Classification Не е повреден без рестрикции ползва се в читалня 41226 Регионална библиотека "Любен Каравелов" Русе Регионална библиотека "Любен Каравелов" Русе Краезнание 2001-01-01 Краезнание 1.80 Автограф: Крум Хорозов 648125 К 329(497.2)/Х 69 К 120000648125 1 0.92 Дост: DA Вид: А N: стар фонд Дата: 01.01.1999 Дата инв: 13.11.2017 Бележки инв: К2017 Книги
  Не е изгубен Universal Decimal Classification Не е повреден без рестрикции заемане за дома 41227 Регионална библиотека "Любен Каравелов" Русе Регионална библиотека "Любен Каравелов" Русе Заемна - подръчен фонд 2001-01-01 Заемна - подръчен фонд 2.00   648123 П 329(497.2)/Х 69 120000648123 2 1.02 Дост: DA Вид: А N: стар фонд Дата: 01.01.1999 Дата инв: 05.02.2018 Бележки инв: П2018 Книги
  Не е изгубен   Не е повреден без рестрикции ползва се в читалня 41228 Регионална библиотека "Любен Каравелов" Русе Регионална библиотека "Любен Каравелов" Русе Хранилище 2005-08-11 Основен фонд - ползва се само за читалня 6.00   120000696228 Цб 200677 120000696228 3 3.07 Дост: DA Вид: А N: 20 Дата: 11.08.2005 Книги
  Не е изгубен   Не е повреден без рестрикции заемане за дома 41229 Регионална библиотека "Любен Каравелов" Русе Регионална библиотека "Любен Каравелов" Русе Заемна - подръчен фонд 2010-03-29 Заемна - подръчен фонд 6.00   120000742909 П 329(497.2)/Х 69 120000742909 4 3.07 Дост: DA Вид: А N: 10 Дата: 29.03.2010 Дата инв: 05.02.2018 Бележки инв: П2018 Книги
Vip Innovations Ltd, Rousse, Bulgaria 2025